000 00317 a2200133 4500
000 nam a22 7a 4500
100 _a Eric J. Simon
110 _a Eric J. Simon
245 _aCampbell Essential Biology with Physiology
250 _alatest
260 _bpearson
_c2026
264 _bpearson
_c2026
942 _cBK
999 _c395072
_d395072